La secuencia del procedimiento penal en el Cd̤igo Nacional

Bibliographic Details
Main Author: Alamilla Villeda, Erasmo Palemn̤
Format: eBook
Language:Spanish
Published: Ciudad de Mx̌ico: Instituto de ciencias penales de Mx̌ico (INACIPE), 2018
Subjects:
Online Access:Acceso restringido

MARC

LEADER 00000nam a22000007a 4500
005 20181217114959.0
007 cr|||| ||||
008 181217s2018 mx |||||s|||| 00||0 spa d
020 |a 978-607-8551-63-7 
035 |a 22486 
040 |a vLex 
090 |c 8336  |d 8336 
100 1 |a Alamilla Villeda, Erasmo Palemn̤ 
245 1 2 |a La secuencia del procedimiento penal en el Cd̤igo Nacional  |h [Recurso electrn̤ico] /  |c Erasmo Palemn̤ Alamilla Villeda 
256 |a Servicio en ln̕ea 
260 |a Ciudad de Mx̌ico:  |b Instituto de ciencias penales de Mx̌ico (INACIPE),  |c 2018 
300 |a 1 recurso electrn̤ico 
506 1 |a Disponible solo en los productos indicados  |d vLex Global  |d vLex Global (Academic Edition, excluding Law Schools)  |d vLex Global (U.S. Academic Edition, Law Schools)  |d vLex Global (U.S. Academic Edition, excluding Law Schools)  |d vLex Global (Academic Edition, Law Schools) 
650 0 4 |a Derecho Penal  |z Mx̌ico 
740 0 |a vLex Libros (Servicio en ln̕ea) 
856 4 0 |u http://vlex.com/source/secuencia-procedimiento-penal-codigo-nacional-22486  |z Acceso restringido 
942 |c BOOK 
999 0 |a Criminal law